000 01081nam a2200205 a 4500
001 BRCA_8968
005 20190320210456.0
008 060717s1751----sp-#######---#000-0#lat-#
041 _alat
044 _asp
084 _aCO39
_b.P47 1751
100 1 _aPerez Valiente, Joseph
_d1713 - 1789
_922111
245 1 0 _aApparatus juris publici hispanici
_bopus político-juridicum, praecipua juris publici universalis, simulque hispanici elementa exponens, quad catholico potentissimo hispaniarum, et indiarum regi D. Fernando VI: sub auspiciis Sermi D. Infantis Cardinalis D. Ludovici Toletanae, et hispalensis ecclsiae in simul praesulis, &c
_cD.O.C. suae Reg. Celsitudinis cubicularius generalis assessor D. Petrus Joseph Perez Valiente...
260 _aMatriti
_bEx Mercurii Officina a Josepho de Orga, Typographo
_c1751
300 _aXII, 407 p. (t.2)
_c24.5 x 18.2 cm
500 _aEstado físico: presenta encuadernación en pergamino deteriorada y presencia del pez de plata
650 1 4 _aDerecho civil
_yObras anteriores a 1800
_zEspaña
_921603
902 _aCFM
942 _2lcc
_cB
999 _c8619
_d8619